Top NBA Scorers Per Game 20-21 Season Pt.1 - Statistics

General Stats
  • This quiz has been taken 11 times
  • The average score is 9 of 10
Answer Stats
PPG Player # Team Player % Correct
28.8 #0 Trail Blazers Damian Lillard
100%
25.6 #1 Suns Devin Booker
100%
28.1 #34 Bucks Giannis
100%
26.4 #0 Celtics Jayson Tatum
100%
27.7 #77 Mavericks Luka Doncic
100%
27.0 #1 Pelicans Zion Williamson
100%
31.3 #3 Wizards Bradley Beal
91%
24.1 #30 Knicks Julius Randle
91%
26.4 #15 Nuggets Nikola Jokic
91%
32.0 #30 Warriors Steph Curry
55%
No matching quizzes found
Score Distribution
Percent of People with Each Score
Percentile by Number Answered
Your Score History
You have not taken this quiz